000 00559nam a2200181Ia 4500
008 100921s9999 xx 000 0 und d
082 _b21030
_a891.463 0
100 _aशिरवळकर सुहास.
245 _aझूम.
260 _b---
_c0
300 _a0
_bशिल्पा बुक सर्व्हिस,तळेगांव दाभाडे
365 _b0
520 _aललित-कादंबरी.
630 _aझूम.
650 _aललित-कादंबरी.
730 _aझूम.
942 _cBOOK
999 _c770143
_d770140